[Event "Titled Tuesday intern op 27th Feb Late"]
[Site "Chess.com INT"]
[Date "2024.02.27"]
[Round "9"]
[White "Kuznetsov, Felix"]
[Black "Blanco Diez, David"]
[Result "1-0"]
[WhiteElo "2211"]
[BlackElo "2308"]
[PlyCount "65"]
[EventDate "2024.02.27"]
[EventType "swiss (blitz)"]
[EventRounds "11"]
[EventCountry "USA"]
[SourceTitle "CB10_2024"]
[SourceDate "2024.03.06"]
[SourceVersion "1"]
[SourceVersionDate "2024.03.06"]
[SourceQuality "1"]

1. e4 c5 2. Nf3 e6 3. b3 d5 4. exd5 exd5 5. Bb2 Nf6 6. Bb5+ Bd7 7. Bxd7+ Nbxd7 8. 0-0 Be7 9. d4 b6 10. Nbd2 0-0 11. Re1 Re8 12. dxc5 bxc5 13. Nf1 Qc7 14. Ng3 Bf8 15. Qd3 c4 16. Qd4 Bc5 17. Qh4 c3 18. Bxc3 Bxf2+ 19. Kxf2 Qxc3 20. Kg1 Qxc2 21. h3 Nf8 22. Qd4 Ne6 23. Qa4 a5 24. Rac1 Qg6 25. Kh2 h6 26. Nd4 Nxd4 27. Qxd4 Ne4 28. Re3 Rad8 29. Rf1 h5 30. Rf4 Ng5 31. Rxe8+ Rxe8 32. Qxd5 Ne6 33. Rf2 1-0

[Event "Titled Tuesday intern op 27th Feb Late"]
[Site "Chess.com INT"]
[Date "2024.02.27"]
[Round "11"]
[White "Kuznetsov, Felix"]
[Black "Lehtosaari, Mauri"]
[Result "1-0"]
[WhiteElo "2211"]
[BlackElo "2142"]
[PlyCount "59"]
[EventDate "2024.02.27"]
[EventType "swiss (blitz)"]
[EventRounds "11"]
[EventCountry "USA"]
[SourceTitle "CB10_2024"]
[SourceDate "2024.03.06"]
[SourceVersion "1"]
[SourceVersionDate "2024.03.06"]
[SourceQuality "1"]

1. e4 c5 2. Nf3 e6 3. b3 b6 4. Bb2 Bb7 5. Nc3 Nc6 6. Qe2 d6 7. 0-0-0 Nge7 8. d4 cxd4 9. Nxd4 Nxd4 10. Rxd4 Nc6 11. Rd1 Be7 12. Kb1 0-0 13. f4 Rc8 14. g4 Nb4 15. Bg2 Qc7 16. g5 a6 17. h4 b5 18. Rd2 Rfd8 19. g6 hxg6 20. h5 g5 21. h6 Bf6 22. hxg7 Bxg7 23. Qh5 Bxc3 24. Qxg5+ Kf8 25. e5 Ke8 26. Rh8+ Kd7 27. Rxd6+ Qxd6 28. Rxd8+ Rxd8 29. exd6 Bxb2 30. Qe7+ 1-0

[Event "Titled Tuesday intern op 27th Feb Late"]
[Site "Chess.com INT"]
[Date "2024.02.27"]
[Round "2"]
[White "Sjugirov, Sanan"]
[Black "Kuznetsov, Felix"]
[Result "1-0"]
[WhiteElo "2695"]
[BlackElo "2211"]
[PlyCount "87"]
[EventDate "2024.02.27"]
[EventType "swiss (blitz)"]
[EventRounds "11"]
[EventCountry "USA"]
[SourceTitle "CB10_2024"]
[SourceDate "2024.03.06"]
[SourceVersion "1"]
[SourceVersionDate "2024.03.06"]
[SourceQuality "1"]

1. e4 c5 2. Nf3 Nc6 3. Bb5 d6 4. 0-0 Bd7 5. Re1 Nf6 6. c3 a6 7. Bf1 Bg4 8. h3 Bxf3 9. Qxf3 g6 10. d3 Bg7 11. Be3 Nd7 12. Nd2 0-0 13. Qd1 b5 14. Nf3 b4 15. d4 bxc3 16. bxc3 Qa5 17. Rc1 Rab8 18. Rc2 Rfc8 19. d5 Nce5 20. Nxe5 Bxe5 21. Bd2 c4 22. h4 Qa4 23. h5 Nc5 24. hxg6 hxg6 25. Bg5 Rb7 26. Be3 Kg7 27. f4 Bf6 28. e5 Bh4 29. Ree2 Nd3 30. Bd4 Kg8 31. exd6 exd6 32. f5 Qd7 33. Re4 Bg5 34. fxg6 fxg6 35. Re6 Qf7 36. Bxd3 cxd3 37. Rf2 Bf4 38. Qxd3 Rcb8 39. Rxg6+ Kf8 40. Rf6 Rb1+ 41. Rf1 Rxf1+ 42. Qxf1 Qxf6 43. Bxf6 Be3+ 44. Kh2 1-0

[Event "St Petersburg Korchnoi Memorial op"]
[Site "St Petersburg"]
[Date "2023.08.21"]
[Round "5"]
[White "Kuznetsov, Felix"]
[Black "Romanov, Nikita M"]
[Result "0-1"]
[WhiteElo "2248"]
[BlackElo "2038"]
[PlyCount "94"]
[EventDate "2023.08.18"]
[EventType "swiss"]
[EventRounds "9"]
[EventCountry "RUS"]
[SourceTitle "EXT 2024"]
[Source "ChessBase"]
[SourceDate "2023.10.10"]
[SourceVersion "1"]
[SourceVersionDate "2023.10.10"]
[SourceQuality "1"]

1. d4 d5 2. c4 e6 3. Nf3 Nf6 4. g3 dxc4 5. Bg2 c6 6. 0-0 b5 7. a4 Bb7 8. b3 cxb3 9. Qxb3 b4 10. a5 c5 11. dxc5 Bxc5 12. Nc3 0-0 13. Rd1 Qe7 14. Na4 Bd5 15. Qb2 Bd6 16. Bg5 Nc6 17. Bxf6 gxf6 18. Qd2 Rfd8 19. Qh6 Rac8 20. Rxd5 exd5 21. Bh3 Qf8 22. Qh5 Rc7 23. Bf5 Qg7 24. Rd1 Ne7 25. Bd3 Be5 26. Rb1 Rb8 27. Nd2 Ng6 28. Kf1 Rbc8 29. Nb3 Ne7 30. f4 Bc3 31. Kf2 f5 32. g4 Qg6 33. Qh4 Qxg4 34. Rg1 Be1+ 35. Kxe1 Qxg1+ 36. Kd2 Ng6 37. Qf6 Qxh2 38. Nd4 Qxf4+ 39. e3 Qh2+ 40. Be2 Qg1 41. Bd1 Rc1 42. Nb2 Qf2+ 43. Ne2 b3 44. Bxb3 Qe1+ 45. Kd3 R1c5 46. Qd4 Qb1+ 47. Kd2 Rc2+ 0-1

[Event "St Petersburg Korchnoi Memorial op"]
[Site "St Petersburg"]
[Date "2023.08.20"]
[Round "4"]
[White "Postanogov, Dmitrii"]
[Black "Kuznetsov, Felix"]
[Result "1/2-1/2"]
[WhiteElo "2061"]
[BlackElo "2248"]
[PlyCount "80"]
[EventDate "2023.08.18"]
[EventType "swiss"]
[EventRounds "9"]
[EventCountry "RUS"]
[SourceTitle "EXT 2024"]
[Source "ChessBase"]
[SourceDate "2023.10.10"]
[SourceVersion "1"]
[SourceVersionDate "2023.10.10"]
[SourceQuality "1"]

1. e4 c5 2. Nf3 d6 3. c3 Nf6 4. Be2 g6 5. 0-0 Bg7 6. Bb5+ Nbd7 7. Re1 a6 8. Bf1 0-0 9. d4 cxd4 10. cxd4 b5 11. a4 b4 12. Nbd2 a5 13. b3 e5 14. Bb2 exd4 15. Nxd4 Bb7 16. Nb5 Nc5 17. Nc4 Ncxe4 18. Nbxd6 Nxd6 19. Nxd6 Qd7 20. Nxb7 Qxb7 21. Bc4 Rad8 22. Qc2 Rfe8 23. Rad1 Rxd1 24. Qxd1 Rxe1+ 25. Qxe1 Ne4 26. Bxg7 Kxg7 27. Qe3 Nf6 28. h3 Qc7 29. Qd4 h5 30. Qe3 Kh7 31. Qg5 Kg7 32. Qe3 Kh7 33. Qd4 Kg7 34. g3 Qe7 35. Qb6 Qe1+ 36. Kg2 Qe4+ 37. Kg1 Qb1+ 38. Kg2 Qe4+ 39. Kg1 Qb1+ 40. Kg2 Qe4+ 1/2-1/2

[Event "St Petersburg Korchnoi Memorial op"]
[Site "St Petersburg"]
[Date "2023.08.18"]
[Round "1"]
[White "Kuznetsov, Felix"]
[Black "Vasilieva, Arina"]
[Result "1-0"]
[WhiteElo "2248"]
[BlackElo "1692"]
[PlyCount "67"]
[EventDate "2023.08.18"]
[EventType "swiss"]
[EventRounds "9"]
[EventCountry "RUS"]
[SourceTitle "EXT 2024"]
[Source "ChessBase"]
[SourceDate "2023.10.10"]
[SourceVersion "1"]
[SourceVersionDate "2023.10.10"]
[SourceQuality "1"]

1. f4 Nh6 2. Nf3 d5 3. g3 g6 4. Bg2 Bg7 5. 0-0 c5 6. d3 d4 7. c3 Nf5 8. Bd2 h5 9. Qe1 Qb6 10. Na3 Qxb2 11. Nc4 Qb5 12. Rb1 Qa6 13. Nfe5 0-0 14. e4 Nd6 15. f5 Nxc4 16. Nxc4 b5 17. e5 bxc4 18. f6 exf6 19. exf6 Bxf6 20. Bxa8 Bf5 21. Bb7 Qxa2 22. Bd5 Qc2 23. Rb7 dxc3 24. Rxf7 Qxd3 25. Rxf6+ Qxd5 26. Rxf8+ Kxf8 27. Bxc3 Nc6 28. Qe3 Nd4 29. Ra1 Qe4 30. Qh6+ Kg8 31. Re1 Nf3+ 32. Kf2 Qc2+ 33. Re2 Ne5 34. Bxe5 1-0

[Event "Titled Tuesday intern op 15th Aug Early"]
[Site "Chess.com INT"]
[Date "2023.08.15"]
[Round "8"]
[White "Kuznetsov, Felix"]
[Black "Bok, Benjamin"]
[Result "1-0"]
[WhiteElo "2248"]
[BlackElo "2617"]
[PlyCount "109"]
[EventDate "2023.08.15"]
[EventType "swiss (blitz)"]
[EventRounds "11"]
[EventCountry "USA"]
[SourceTitle "EXT 2024"]
[Source "ChessBase"]
[SourceDate "2023.10.10"]
[SourceVersion "1"]
[SourceVersionDate "2023.10.10"]
[SourceQuality "1"]

1. e4 c5 2. Nf3 d6 3. d4 cxd4 4. Nxd4 Nf6 5. Nc3 a6 6. Be3 e5 7. Nb3 Be6 8. Qd2 Be7 9. 0-0-0 Nbd7 10. f4 b5 11. f5 Bc4 12. Kb1 Rc8 13. g4 b4 14. Bxc4 Rxc4 15. Nd5 Rxe4 16. Nxf6+ Nxf6 17. h3 Rc4 18. g5 Nd7 19. Qd5 Qc7 20. Na5 Rxc2 21. Rc1 Rxc1+ 22. Rxc1 Nc5 23. f6 gxf6 24. gxf6 Bxf6 25. Bxc5 dxc5 26. Rxc5 Qd7 27. Qf3 Ke7 28. Nc6+ Ke6 29. Qg4+ Kd6 30. Rd5+ Kxd5 31. Qxd7+ Ke4 32. Nxb4 Rg8 33. Qd3+ Kf4 34. Nd5+ Kg5 35. Qg3+ Kh6 36. Qxg8 Bg5 37. Qxf7 e4 38. Qf5 e3 39. Nxe3 Bxe3 40. Qe6+ Kh5 41. Qxe3 Kh4 42. Qa7 a5 43. Qxh7+ Kg3 44. Qa7 a4 45. Qxa4 Kh2 46. Qb3 Kg2 47. Qe3 Kh2 48. Qf3 Kg1 49. Qe2 Kh1 50. Kc2 Kg1 51. Kd3 Kh1 52. Ke3 Kg1 53. Kf3 Kh1 54. Kg3 Kg1 55. Qe1# 1-0

[Event "Titled Tuesday intern op 25th Jul Early"]
[Site "Chess.com INT"]
[Date "2023.07.25"]
[Round "6"]
[White "Svane, Rasmus"]
[Black "Kuznetsov, Felix"]
[Result "1/2-1/2"]
[WhiteElo "2625"]
[BlackElo "2254"]
[PlyCount "136"]
[EventDate "2023.07.25"]
[EventType "swiss (blitz)"]
[EventRounds "11"]
[EventCountry "USA"]
[SourceTitle "EXT 2024"]
[Source "ChessBase"]
[SourceDate "2023.10.10"]
[SourceVersion "1"]
[SourceVersionDate "2023.10.10"]
[SourceQuality "1"]

1. Nf3 Nf6 2. g3 b5 3. Bg2 Bb7 4. d4 e6 5. Bg5 Be7 6. Qd3 a6 7. 0-0 Be4 8. Qd1 d6 9. Nbd2 Bb7 10. c3 Nbd7 11. a4 c5 12. axb5 axb5 13. Qb3 Qb6 14. Rxa8+ Bxa8 15. Ra1 0-0 16. e3 Bd5 17. Qc2 Ra8 18. Rxa8+ Bxa8 19. Bxf6 Nxf6 20. Ne1 Bxg2 21. Kxg2 h5 22. h3 d5 23. Nd3 c4 24. Ne5 b4 25. Ndf3 bxc3 26. bxc3 Qb3 27. Qxb3 cxb3 28. Nd2 Ne4 29. Nxe4 dxe4 30. Nc4 Bd8 31. Kf1 Ba5 32. Nd2 Bxc3 33. Nxb3 f5 34. Nc5 Kf7 35. Nd7 Ba5 36. Ne5+ Kf6 37. Ke2 g5 38. g4 hxg4 39. hxg4 Bc7 40. Nd7+ Ke7 41. Nc5 Kf6 42. Kf1 Bd6 43. Nb7 Bb8 44. Kg2 Bc7 45. Nc5 Bd6 46. Nd7+ Ke7 47. Nb6 Kf6 48. Nc4 Bc7 49. Nd2 Bd6 50. Nf1 Bc7 51. Nd2 Bd6 52. Nc4 Bc7 53. f3 exf3+ 54. Kxf3 Bb8 55. Nb6 Bc7 56. Nd7+ Ke7 57. Nc5 Kf6 58. e4 fxe4+ 59. Nxe4+ Kg6 60. Ke2 Bf4 61. Kd3 Kf7 62. Kc4 Ke7 63. Nc3 Be3 64. Ne2 Kf6 65. Ng3 Bf4 66. Ne4+ Ke7 67. Kc5 Be3 68. Kc4 Bf4 1/2-1/2

[Event "RUS-ch Higher League 76th"]
[Site "Novokuznetsk"]
[Date "2023.07.03"]
[Round "7"]
[White "Kuznetsov, Felix"]
[Black "Kobalia, Mihail"]
[Result "0-1"]
[WhiteElo "2254"]
[BlackElo "2569"]
[PlyCount "86"]
[EventDate "2023.06.26"]
[EventType "swiss"]
[EventRounds "9"]
[EventCountry "RUS"]
[SourceTitle "EXT 2024"]
[Source "ChessBase"]
[SourceDate "2023.10.10"]
[SourceVersion "1"]
[SourceVersionDate "2023.10.10"]
[SourceQuality "1"]

1. e4 e5 2. Nf3 Nc6 3. Bc4 Nf6 4. d3 Bc5 5. c3 a6 6. 0-0 Ba7 7. Re1 d6 8. Bb3 h6 9. Nbd2 Nh5 10. Nf1 Qf6 11. Ne3 Nf4 12. Nd5 Nxd5 13. Bxd5 Ne7 14. Be3 0-0 15. Bxa7 Rxa7 16. Bb3 Ng6 17. Qd2 Ra8 18. Qe3 Nf4 19. d4 Bg4 20. Nd2 Rad8 21. Nf1 c5 22. f3 cxd4 23. cxd4 exd4 24. Qd2 Be6 25. Rad1 Bxb3 26. axb3 Qg5 27. h4 Qf6 28. Qxd4 Qxh4 29. Ne3 Qg5 30. Kf2 d5 31. e5 Ne6 32. Qg4 Qxg4 33. Nxg4 d4 34. Kg3 Rd5 35. f4 Rb5 36. f5 Rxb3+ 37. Kh2 Ng5 38. Rxd4 Rxb2 39. Re3 h5 40. Nf6+ gxf6 41. Rg3 Rb5 42. exf6 Rxf5 43. Rh4 Kh7 0-1

[Event "RUS-ch Higher League 76th"]
[Site "Novokuznetsk"]
[Date "2023.06.29"]
[Round "4"]
[White "Belozerov, Andrei"]
[Black "Kuznetsov, Felix"]
[Result "1/2-1/2"]
[WhiteElo "2453"]
[BlackElo "2254"]
[PlyCount "80"]
[EventDate "2023.06.26"]
[EventType "swiss"]
[EventRounds "9"]
[EventCountry "RUS"]
[SourceTitle "EXT 2024"]
[Source "ChessBase"]
[SourceDate "2023.10.10"]
[SourceVersion "1"]
[SourceVersionDate "2023.10.10"]
[SourceQuality "1"]

1. c4 e6 2. Nf3 Nf6 3. Nc3 d5 4. e3 Be7 5. b3 0-0 6. Bb2 c5 7. cxd5 exd5 8. d4 Nc6 9. Be2 Bg4 10. dxc5 Bxc5 11. 0-0 Qd7 12. Rc1 Rad8 13. Nb5 Ne4 14. Nfd4 Bxe2 15. Qxe2 Nxd4 16. Nxd4 Rc8 17. Rfd1 Bxd4 18. Bxd4 Rxc1 19. Rxc1 Rc8 20. Rxc8+ Qxc8 21. Qb2 a6 22. f3 Nf6 23. Bxf6 gxf6 24. Qxf6 Qc1+ 25. Kf2 Qd2+ 26. Kg3 Qxa2 27. Qg5+ Kf8 28. Qxd5 b5 29. e4 Qa3 30. e5 Qb4 31. h4 a5 32. h5 Kg7 33. h6+ Kg6 34. Qd3+ Kg5 35. Qd8+ Kh5 36. Kh3 Qf4 37. Qe7 a4 38. bxa4 bxa4 39. g4+ Kxh6 40. Qf8+ Kg6 1/2-1/2

[Event "RUS-ch Higher League 76th"]
[Site "Novokuznetsk"]
[Date "2023.06.28"]
[Round "3"]
[White "Kuznetsov, Felix"]
[Black "Garifullina, Leya"]
[Result "0-1"]
[WhiteElo "2254"]
[BlackElo "2408"]
[PlyCount "68"]
[EventDate "2023.06.26"]
[EventType "swiss"]
[EventRounds "9"]
[EventCountry "RUS"]
[SourceTitle "EXT 2024"]
[Source "ChessBase"]
[SourceDate "2023.10.10"]
[SourceVersion "1"]
[SourceVersionDate "2023.10.10"]
[SourceQuality "1"]

1. e4 e5 2. Nf3 Nc6 3. Bc4 Bc5 4. c3 Nf6 5. d3 d6 6. 0-0 0-0 7. Nbd2 a5 8. Re1 Ba7 9. Nf1 Be6 10. Bb5 Ne7 11. Ng3 c6 12. Ba4 Ng6 13. Be3 Bxe3 14. Rxe3 d5 15. d4 Bg4 16. Qe1 Bxf3 17. Rxf3 Re8 18. Re3 exd4 19. cxd4 Ng4 20. Rc3 dxe4 21. Rd1 Nf4 22. Bc2 Nd5 23. Rb3 e3 24. f3 Nf2 25. Rc1 a4 26. Ra3 Qb6 27. Rb1 Qxd4 28. Be4 Nxe4 29. fxe4 Rxe4 30. Nxe4 Qxe4 31. g3 Re8 32. Rd1 Qc2 33. Rad3 Qxb2 34. a3 h6 0-1

[Event "RUS-ch Higher League 76th"]
[Site "Novokuznetsk"]
[Date "2023.06.27"]
[Round "2"]
[White "Iljiushenok, Ilia"]
[Black "Kuznetsov, Felix"]
[Result "1-0"]
[WhiteElo "2555"]
[BlackElo "2254"]
[PlyCount "119"]
[EventDate "2023.06.26"]
[EventType "swiss"]
[EventRounds "9"]
[EventCountry "RUS"]
[SourceTitle "EXT 2024"]
[Source "ChessBase"]
[SourceDate "2023.10.10"]
[SourceVersion "1"]
[SourceVersionDate "2023.10.10"]
[SourceQuality "1"]

1. d4 Nf6 2. c4 e6 3. g3 d5 4. Bg2 dxc4 5. Nf3 Nc6 6. Qa4 Bb4+ 7. Bd2 Nd5 8. Qc2 Bxd2+ 9. Nbxd2 b5 10. a4 Ncb4 11. Qc1 c6 12. b3 c3 13. Ne4 c2 14. Qd2 a5 15. 0-0 0-0 16. Rfc1 Qe7 17. Ne1 bxa4 18. Rxa4 e5 19. Nxc2 Rd8 20. Rca1 Be6 21. Nxb4 Nxb4 22. Rxa5 Rxa5 23. Rxa5 f6 24. e3 exd4 25. exd4 Bd5 26. Nc5 Bxg2 27. Kxg2 Nd5 28. Ra6 Qe8 29. Qd3 Nc7 30. Qc4+ Kh8 31. Ra2 Nb5 32. Re2 Qh5 33. Ne6 Qd5+ 34. Qxd5 Rxd5 35. Rc2 Nxd4 36. Nxd4 Rxd4 37. Rxc6 Kg8 38. Rc2 Rb4 39. Rb2 Kf7 40. Kf3 Ke6 41. Ke3 Kd5 42. Kd3 Kc5 43. Kc3 Rb7 44. Re2 Ra7 45. h4 Kb5 46. Re4 Rc7+ 47. Kd3 Ra7 48. h5 h6 49. Ke3 Kc6 50. Kf4 Ra5 51. Re7 Rxh5 52. Rxg7 Kd6 53. Rb7 Re5 54. Rb4 Ra5 55. Re4 h5 56. b4 Rd5 57. Ke3 Rg5 58. Rf4 Ke6 59. Kd4 Rd5+ 60. Kc4 1-0

[Event "Titled Tuesday intern op 13th Jun Late"]
[Site "Chess.com INT"]
[Date "2023.06.13"]
[Round "6"]
[White "Fedotov, Nikita1111"]
[Black "Kuznetsov, Felix"]
[Result "0-1"]
[WhiteElo "2311"]
[BlackElo "2254"]
[PlyCount "110"]
[EventDate "2023.06.13"]
[EventType "swiss (blitz)"]
[EventRounds "11"]
[EventCountry "USA"]
[SourceTitle "EXT 2024"]
[Source "ChessBase"]
[SourceDate "2023.10.10"]
[SourceVersion "1"]
[SourceVersionDate "2023.10.10"]
[SourceQuality "1"]

1. e4 c5 2. d4 cxd4 3. Qxd4 Nc6 4. Qd3 g6 5. Nc3 Bg7 6. Nf3 d6 7. Be2 Nf6 8. 0-0 0-0 9. Nd5 Nd7 10. c3 Nc5 11. Qc2 e6 12. Ne3 Qe7 13. b4 Nd7 14. Bb2 f5 15. exf5 gxf5 16. Rfe1 f4 17. Ng5 Qxg5 18. Nc4 f3 19. Bf1 fxg2 20. Bxg2 Nce5 21. Nd2 Nb6 22. c4 Bd7 23. c5 Bc6 24. Ne4 Nf3+ 25. Kh1 Nxe1 26. Rxe1 Bxe4 27. Bxe4 dxc5 28. Rg1 Qxg1+ 29. Kxg1 c4 30. Bxh7+ Kh8 31. Bxg7+ Kxg7 32. Qg6+ Kh8 33. Qh6 Rf7 34. Bg6+ Kg8 35. Bxf7+ Kxf7 36. Qf4+ Ke7 37. Qc7+ Kf6 38. Qf4+ Ke7 39. Qc7+ Kf6 40. Qf4+ Kg6 41. Qe4+ Kg5 42. f4+ Kf6 43. Qe5+ Kf7 44. Qc7+ Kg6 45. a4 Rc8 46. Qxb7 c3 47. Qe4+ Kf7 48. Qh7+ Kf6 49. Qh6+ Kf5 50. Qg5+ Ke4 51. Qe5+ Kd3 52. a5 c2 53. axb6 c1Q+ 54. Kf2 Rc2+ 55. Kg3 Qg1+ 0-1

[Event "Titled Tuesday intern op 13th Jun Late"]
[Site "Chess.com INT"]
[Date "2023.06.13"]
[Round "2"]
[White "Koutlas, Nikolaos"]
[Black "Kuznetsov, Felix"]
[Result "0-1"]
[WhiteElo "2341"]
[BlackElo "2254"]
[PlyCount "82"]
[EventDate "2023.06.13"]
[EventType "swiss (blitz)"]
[EventRounds "11"]
[EventCountry "USA"]
[SourceTitle "EXT 2024"]
[Source "ChessBase"]
[SourceDate "2023.10.10"]
[SourceVersion "1"]
[SourceVersionDate "2023.10.10"]
[SourceQuality "1"]

1. Nf3 Nf6 2. g3 d5 3. b4 e6 4. a3 b6 5. Bg2 Bb7 6. 0-0 Nbd7 7. Bb2 Be7 8. c4 dxc4 9. Qc2 b5 10. Nd4 Bxg2 11. Kxg2 Qb8 12. a4 a6 13. f3 Qb7 14. axb5 axb5 15. Rxa8+ Qxa8 16. Nxb5 0-0 17. Qxc4 Rb8 18. N1c3 c6 19. Nc7 Qb7 20. Na6 Nb6 21. Qa2 Ra8 22. Ra1 Bxb4 23. Qb3 Rxa6 24. Rxa6 Qxa6 25. Qxb4 h5 26. Kf2 Nc4 27. d3 Qa7+ 28. Kg2 Ne3+ 29. Kh3 Qd7 30. Qb8+ Kh7 31. Qe5 Nf5 32. Ne4 Ne8 33. Ng5+ Kg6 34. e4 Nh6 35. Qf4 f6 36. e5 fxg5 37. Qe4+ Kf7 38. Qh7 g4+ 39. Kh4 Qe7+ 40. Kxh5 gxf3 41. Qg6+ Kg8 0-1

[Event "Titled Tuesday intern op 13th Jun Late"]
[Site "Chess.com INT"]
[Date "2023.06.13"]
[Round "10"]
[White "Kuznetsov, Felix"]
[Black "D'Arruda, Ricardo D"]
[Result "1-0"]
[WhiteElo "2254"]
[BlackElo "2271"]
[PlyCount "75"]
[EventDate "2023.06.13"]
[EventType "swiss (blitz)"]
[EventRounds "11"]
[EventCountry "USA"]
[SourceTitle "EXT 2024"]
[Source "ChessBase"]
[SourceDate "2023.10.10"]
[SourceVersion "1"]
[SourceVersionDate "2023.10.10"]
[SourceQuality "1"]

1. e4 c5 2. Nf3 Nc6 3. d4 cxd4 4. Nxd4 e5 5. Nb5 a6 6. Nd6+ Bxd6 7. Qxd6 Qe7 8. Qd1 Nf6 9. Nc3 d6 10. Be3 Be6 11. Be2 0-0 12. 0-0 Rac8 13. Qd2 h6 14. Rad1 Rfd8 15. f4 exf4 16. Bxf4 Ne5 17. Qe3 b5 18. Qg3 Rxc3 19. Qxc3 Nxe4 20. Qd4 Bc4 21. Qxe4 d5 22. Qxe5 Qxe5 23. Bxe5 Bxe2 24. Rfe1 Bxd1 25. Rxd1 f6 26. Bc3 Kf7 27. Kf2 Ke6 28. Ke3 Rc8 29. Kd3 Rc4 30. Re1+ Kd7 31. b3 Rf4 32. Re2 Rf1 33. Bd4 Rd1+ 34. Rd2 Rh1 35. h3 Rf1 36. Bc5 Kc6 37. b4 Rf5 38. Re2 1-0

[Event "Titled Tuesday intern op 13th Jun Late"]
[Site "Chess.com INT"]
[Date "2023.06.13"]
[Round "5"]
[White "Kuznetsov, Felix"]
[Black "Dudzinski, Pawel"]
[Result "0-1"]
[WhiteElo "2254"]
[BlackElo "2186"]
[PlyCount "90"]
[EventDate "2023.06.13"]
[EventType "swiss (blitz)"]
[EventRounds "11"]
[EventCountry "USA"]
[SourceTitle "EXT 2024"]
[Source "ChessBase"]
[SourceDate "2023.10.10"]
[SourceVersion "1"]
[SourceVersionDate "2023.10.10"]
[SourceQuality "1"]

1. e4 c6 2. d4 d5 3. exd5 cxd5 4. Bd3 Nc6 5. c3 g6 6. Bf4 Bf5 7. Bxf5 gxf5 8. Nf3 e6 9. 0-0 Bd6 10. Bxd6 Qxd6 11. Re1 Nge7 12. Ne5 Nxe5 13. Rxe5 0-0 14. Qh5 Ng6 15. Re3 Qf4 16. Nd2 Qh4 17. Qd1 Kh8 18. Rh3 Qf6 19. Nf3 Rg8 20. Qd2 Ne7 21. Ne5 Nc6 22. Re1 Nxe5 23. Rxe5 Qg5 24. f4 Qf6 25. Ree3 Rg4 26. Qf2 Rag8 27. Reg3 Qe7 28. Rh5 Qd6 29. Rxg4 Rxg4 30. g3 Qa6 31. a3 Qd3 32. Qe1 Qe4 33. Qxe4 dxe4 34. Kf2 Rg8 35. Ke3 b5 36. d5 Kg7 37. dxe6 fxe6 38. Rg5+ Kf7 39. Rh5 Kg6 40. Rg5+ Kf7 41. Rh5 Rg7 42. Rh6 Ke7 43. Kd4 Kd6 44. b3 Rd7 45. c4 Kc6+ 0-1

[Event "Titled Tuesday intern op 13th Jun Late"]
[Site "Chess.com INT"]
[Date "2023.06.13"]
[Round "9"]
[White "Vaglio Munoz, Jaime"]
[Black "Kuznetsov, Felix"]
[Result "0-1"]
[WhiteElo "2174"]
[BlackElo "2254"]
[PlyCount "84"]
[EventDate "2023.06.13"]
[EventType "swiss (blitz)"]
[EventRounds "11"]
[EventCountry "USA"]
[SourceTitle "EXT 2024"]
[Source "ChessBase"]
[SourceDate "2023.10.10"]
[SourceVersion "1"]
[SourceVersionDate "2023.10.10"]
[SourceQuality "1"]

1. d4 Nf6 2. Nf3 e6 3. e3 b6 4. Bd3 Bb7 5. 0-0 Be7 6. b3 0-0 7. Bb2 c5 8. Qe2 d5 9. Nbd2 Nc6 10. a3 Qc7 11. Ne5 Nxe5 12. dxe5 Nd7 13. f4 g6 14. c4 Rad8 15. Rad1 d4 16. Ne4 Bc6 17. exd4 cxd4 18. b4 a5 19. Qd2 axb4 20. axb4 Bxe4 21. Bxe4 Qxc4 22. Qxd4 Qxb4 23. Qxb4 Bxb4 24. Bc6 Nc5 25. Bd4 Rc8 26. Bb5 Rfd8 27. Be3 Ba5 28. Bf2 Ne4 29. Bh4 Rxd1 30. Rxd1 Nc3 31. Bd7 Nxd1 32. Bxc8 b5 33. Kf1 b4 34. Ke2 Nc3+ 35. Kd3 Nd5 36. g3 b3 37. Bb7 Nc3 38. Kd2 b2 39. Be4 Nxe4+ 40. Kc2 Bc3 41. Be7 Nd2 42. Bb4 b1Q+ 0-1

[Event "Titled Tuesday intern op 23rd May Late"]
[Site "Chess.com INT"]
[Date "2023.05.23"]
[Round "6"]
[White "Kuznetsov, Felix"]
[Black "Sjugirov, Sanan"]
[Result "0-1"]
[WhiteElo "2254"]
[BlackElo "2712"]
[PlyCount "68"]
[EventDate "2023.05.23"]
[EventType "swiss (blitz)"]
[EventRounds "11"]
[EventCountry "USA"]
[SourceTitle "EXT 2024"]
[Source "ChessBase"]
[SourceDate "2023.10.10"]
[SourceVersion "1"]
[SourceVersionDate "2023.10.10"]
[SourceQuality "1"]

1. e4 c5 2. Nf3 d6 3. d4 cxd4 4. Nxd4 Nf6 5. Nc3 a6 6. Be3 e5 7. Nb3 Be6 8. Qd2 Be7 9. 0-0-0 0-0 10. f4 Ng4 11. g3 Nxe3 12. Qxe3 Nd7 13. Kb1 Nf6 14. f5 Bd7 15. g4 Nxg4 16. Qg3 Nf6 17. Rg1 g6 18. Bc4 Kh8 19. fxg6 fxg6 20. Nd5 Rc8 21. Nxf6 Rxf6 22. Bd5 Qc7 23. c3 Rcf8 24. Qh4 Bc6 25. Qh6 Bxd5 26. exd5 Qc4 27. h4 Qf4 28. Qxf4 Rxf4 29. Na5 b5 30. Nc6 Bxh4 31. Nb4 a5 32. Nc6 a4 33. a3 Kg7 34. Na7 Bf2 0-1

[Event "Titled Tuesday intern op 16th May Late"]
[Site "Chess.com INT"]
[Date "2023.05.16"]
[Round "4"]
[White "Kuznetsov, Felix"]
[Black "Rangel, Daniel"]
[Result "1-0"]
[WhiteElo "2254"]
[BlackElo "2207"]
[PlyCount "79"]
[EventDate "2023.05.16"]
[EventType "swiss (blitz)"]
[EventRounds "11"]
[EventCountry "USA"]
[SourceTitle "CBM 214 Extra"]
[Source "ChessBase"]
[SourceDate "2023.07.31"]
[SourceVersion "1"]
[SourceVersionDate "2023.07.31"]
[SourceQuality "1"]

1. f4 c5 2. Nf3 g6 3. g3 Bg7 4. Bg2 Nc6 5. 0-0 e6 6. d3 Nge7 7. Nc3 0-0 8. e4 Rb8 9. g4 f5 10. exf5 gxf5 11. g5 b5 12. Qe1 Bb7 13. Ne2 Qc7 14. Ng3 Nd4 15. Qf2 Nd5 16. Ne5 d6 17. Nf3 Nxf3+ 18. Qxf3 Bd4+ 19. Kh1 Ne3 20. Bxe3 Bxf3 21. Rxf3 Bxb2 22. Re1 Bg7 23. Bd2 Rfe8 24. Rfe3 Bd4 25. Rxe6 Rxe6 26. Rxe6 b4 27. Bd5 Kh8 28. Nxf5 Qa5 29. Nxd6 Rf8 30. f5 Qa4 31. Bb3 Qc6+ 32. Ne4 Qc7 33. f6 a5 34. Re7 Qc6 35. Be6 Bxf6 36. gxf6 Rxf6 37. Bc4 Rg6 38. Bc1 b3 39. Bb2+ Rg7 40. Bxg7# 1-0

[Event "Titled Tuesday intern op 16th May Late"]
[Site "Chess.com INT"]
[Date "2023.05.16"]
[Round "10"]
[White "Maltsevskaya, Aleksandra"]
[Black "Kuznetsov, Felix"]
[Result "0-1"]
[WhiteElo "2390"]
[BlackElo "2254"]
[PlyCount "72"]
[EventDate "2023.05.16"]
[EventType "swiss (blitz)"]
[EventRounds "11"]
[EventCountry "USA"]
[SourceTitle "CBM 214 Extra"]
[Source "ChessBase"]
[SourceDate "2023.07.31"]
[SourceVersion "1"]
[SourceVersionDate "2023.07.31"]
[SourceQuality "1"]

1. e4 c5 2. Nf3 Nc6 3. d4 cxd4 4. Nxd4 Nf6 5. Nc3 e6 6. Ndb5 Bc5 7. Bf4 0-0 8. Bc7 Qe7 9. Bd6 Bxd6 10. Qxd6 Qd8 11. 0-0-0 Qb6 12. f3 a6 13. Na3 Qa7 14. Nc4 b5 15. Ne5 Nxe5 16. Qxe5 b4 17. Na4 d5 18. exd5 Bd7 19. b3 Bxa4 20. bxa4 Nxd5 21. Bc4 Nc3 22. Rd4 Rac8 23. Rg4 g6 24. h4 Qf2 25. h5 Rc5 26. Qf6 Nd5 27. Qe5 Qe3+ 28. Qxe3 Nxe3 29. Rgh4 Rxc4 30. hxg6 Rxh4 31. Rxh4 fxg6 32. Rxb4 Nxg2 33. Rb7 Rxf3 34. Rb6 h5 35. Rxa6 h4 36. Rxe6 Kf7 0-1